[Event "EU-ch Rapid"]
[Site "Katowice"]
[Date "2022.12.18"]
[Round "8"]
[White "Brilej, Jaka"]
[Black "Samborski, Henryk"]
[Result "1-0"]
[WhiteElo "2336"]
[BlackElo "2057"]
[PlyCount "69"]
[EventDate "2022.12.17"]
[EventType "swiss (rapid)"]
[EventRounds "11"]
[EventCountry "POL"]
[SourceTitle "CBM 211 Extra"]
[Source "ChessBase"]
[SourceDate "2023.01.31"]
[SourceVersion "1"]
[SourceVersionDate "2023.01.31"]
[SourceQuality "1"]

1. d4 Nf6 2. c4 g6 3. Nc3 Bg7 4. Nf3 0-0 5. Bg5 d6 6. e3 Nbd7 7. Be2 h6 8. Bh4 g5 9. Bg3 Nh5 10. Qc2 Ndf6 11. Nd2 c6 12. 0-0-0 Qc7 13. f3 Nxg3 14. hxg3 e5 15. dxe5 dxe5 16. g4 Be6 17. Nde4 Nxe4 18. Nxe4 Rfd8 19. Kb1 Rxd1+ 20. Rxd1 Rd8 21. Bd3 Kf8 22. Nf2 Qa5 23. Bf5 Rxd1+ 24. Nxd1 Bxf5 25. Qxf5 Qd8 26. Kc2 b5 27. Qd3 Bf6 28. cxb5 Qxd3+ 29. Kxd3 cxb5 30. Ke4 Ke7 31. Nc3 a6 32. Nd5+ Ke6 33. Nxf6 Kxf6 34. Kd5 a5 35. a3 1-0

[Event "POL-chT 2nd League"]
[Site "Sypniewo"]
[Date "2021.09.12"]
[Round "9.12"]
[White "Samborski, Henryk"]
[Black "Gawor, Jan Pawel"]
[Result "1/2-1/2"]
[WhiteElo "2052"]
[BlackElo "1890"]
[PlyCount "108"]
[EventDate "2021.09.04"]
[EventType "team-swiss"]
[EventRounds "9"]
[EventCountry "POL"]
[SourceTitle "CBM 204 Extra"]
[Source "ChessBase"]
[SourceDate "2021.11.30"]
[SourceVersion "1"]
[SourceVersionDate "2021.11.30"]
[SourceQuality "1"]
[WhiteTeam "Rydultowy Ognisko"]
[BlackTeam "Wieliczka MKS MOS"]
[WhiteTeamCountry "POL"]
[BlackTeamCountry "POL"]

1. Nf3 c5 2. c3 Nc6 3. d4 cxd4 4. cxd4 d5 5. g3 Nf6 6. Bg2 Bf5 7. 0-0 e6 8. Nh4 Bg6 9. Nc3 Be7 10. Nxg6 hxg6 11. e3 a6 12. Bd2 b5 13. a4 b4 14. Na2 a5 15. Nc1 Qb6 16. Nb3 0-0 17. Qe2 Na7 18. Rfc1 Rfc8 19. Bf1 Rxc1 20. Rxc1 Rc8 21. Qa6 Qxa6 22. Bxa6 Rxc1+ 23. Bxc1 Bd8 24. Kf1 Kf8 25. f3 Bb6 26. Ke2 Ke7 27. Bd3 Nc6 28. Bb5 Nb8 29. g4 Nbd7 30. g5 Ne8 31. e4 Nc7 32. Bd3 e5 33. dxe5 Nxe5 34. Be3 Bxe3 35. Kxe3 dxe4 36. Kxe4 Nxd3 37. Kxd3 Ne6 38. h4 Kd6 39. Kc4 Nf4 40. Nxa5 Ng2 41. Kxb4 Nxh4 42. Nc4+ Kc7 43. Nd2 f6 44. gxf6 gxf6 45. Kc5 g5 46. Kd4 f5 47. Ke3 Ng2+ 48. Kd4 g4 49. fxg4 fxg4 50. Ne4 Ne1 51. b3 Kb6 52. Ke3 Nc2+ 53. Kf4 Ka5 54. Kxg4 Nd4 1/2-1/2

[Event "POL-chT 2nd League"]
[Site "Sypniewo"]
[Date "2021.09.09"]
[Round "6.11"]
[White "Samborski, Henryk"]
[Black "Zareba, Radoslaw"]
[Result "0-1"]
[WhiteElo "2052"]
[BlackElo "2102"]
[PlyCount "76"]
[EventDate "2021.09.04"]
[EventType "team-swiss"]
[EventRounds "9"]
[EventCountry "POL"]
[SourceTitle "CBM 204 Extra"]
[Source "ChessBase"]
[SourceDate "2021.11.30"]
[SourceVersion "1"]
[SourceVersionDate "2021.11.30"]
[SourceQuality "1"]
[WhiteTeam "Rydultowy Ognisko"]
[BlackTeam "Wisznia Mala Bialy Krol II"]
[WhiteTeamCountry "POL"]
[BlackTeamCountry "POL"]

1. c4 Nf6 2. Nf3 g6 3. g3 Bg7 4. Bg2 0-0 5. d4 c5 6. 0-0 cxd4 7. Nxd4 Nc6 8. Nc3 Nxd4 9. Qxd4 d6 10. Qd2 Qb6 11. b3 Bd7 12. Bb2 a5 13. Rab1 Bc6 14. e4 Qb4 15. Qc1 Rfc8 16. Nb5 a4 17. e5 dxe5 18. Ba3 Qa5 19. Bxc6 bxc6 20. b4 Qa6 21. Nc3 Qxc4 22. Re1 Nd5 23. Ne4 Qxc1 24. Rexc1 f5 25. Nc5 e4 26. Rc2 Kf7 27. Rbc1 Bd4 28. Rc4 e5 29. Kf1 Ne7 30. R1c2 Ra7 31. Bc1 Rd8 32. Ke2 Rd5 33. a3 Nc8 34. Ra2 Nd6 35. Rcc2 Nb5 36. Bd2 Bxc5 37. Rxc5 Rxc5 38. bxc5 Rd7 0-1

[Event "POL-chT 2nd League"]
[Site "Poronin"]
[Date "2020.09.13"]
[Round "9.13"]
[White "Karwowski, Kacper"]
[Black "Samborski, Henryk"]
[Result "1-0"]
[WhiteElo "2190"]
[BlackElo "2069"]
[PlyCount "49"]
[EventDate "2020.09.05"]
[EventType "team-swiss"]
[EventRounds "9"]
[EventCountry "POL"]
[SourceTitle "CBM 198 Extra"]
[Source "ChessBase"]
[SourceDate "2020.11.30"]
[SourceVersion "1"]
[SourceVersionDate "2020.11.30"]
[SourceQuality "1"]
[WhiteTeam "Grzybowo GKSz Solny"]
[BlackTeam "Rydultowy Ognisko"]
[WhiteTeamCountry "POL"]
[BlackTeamCountry "POL"]

1. e4 g6 2. Nf3 Bg7 3. d4 c5 4. Be2 cxd4 5. Nxd4 Nc6 6. Nb3 Nf6 7. Nc3 0-0 8. 0-0 d6 9. Bg5 a5 10. a4 Be6 11. Kh1 Rc8 12. f4 Nb4 13. Nd4 Bc4 14. Ndb5 Nxe4 15. Nxe4 Bxb5 16. Bxb5 Nxc2 17. f5 gxf5 18. Ng3 h6 19. Bxh6 e6 20. Bxg7 Kxg7 21. Rc1 Rh8 22. Rxc2 Qh4 23. Nxf5+ exf5 24. h3 Qe4 25. Rxc8 1-0

[Event "POL-chT 2nd League"]
[Site "Poronin"]
[Date "2020.09.11"]
[Round "7.12"]
[White "Raczynski, Krzysztof"]
[Black "Samborski, Henryk"]
[Result "1-0"]
[WhiteElo "2245"]
[BlackElo "2069"]
[PlyCount "103"]
[EventDate "2020.09.05"]
[EventType "team-swiss"]
[EventRounds "9"]
[EventCountry "POL"]
[SourceTitle "CBM 198 Extra"]
[Source "ChessBase"]
[SourceDate "2020.11.30"]
[SourceVersion "1"]
[SourceVersionDate "2020.11.30"]
[SourceQuality "1"]
[WhiteTeam "Chrobry Gniezno"]
[BlackTeam "Rydultowy Ognisko"]
[WhiteTeamCountry "POL"]
[BlackTeamCountry "POL"]

1. e4 c5 2. Nf3 d6 3. d4 cxd4 4. Nxd4 Nf6 5. Nc3 a6 6. Be3 e5 7. Nb3 Be7 8. f3 Be6 9. Qd2 Nbd7 10. 0-0-0 b5 11. g4 Nb6 12. g5 Nfd7 13. Nd5 Nxd5 14. exd5 Bf5 15. Na5 0-0 16. Nc6 Qe8 17. f4 f6 18. Bd3 Bxd3 19. Qxd3 exf4 20. Bxf4 Ne5 21. Qe4 Bd8 22. Rhe1 Qd7 23. h4 Rc8 24. Bxe5 fxe5 25. Rf1 Bb6 26. g6 hxg6 27. Qxg6 Be3+ 28. Kb1 Bf4 29. Rg1 Rce8 30. Rde1 Kh8 31. a3 Rf6 32. Qe4 Bh6 33. Rg4 Ref8 34. Reg1 Rf2 35. R1g2 Rf1+ 36. Ka2 R8f4 37. Rxf4 Rxf4 38. Qg6 Rf6 39. Qd3 Rf4 40. Rg6 Rxh4 41. Re6 Qf7 42. Rxd6 e4 43. Qg3 Rh5 44. Ne5 Qe8 45. Rd8 Qxd8 46. Nf7+ Kh7 47. Nxd8 Rxd5 48. Nc6 e3 49. Ne7 Rd8 50. Qg6+ Kh8 51. Nf5 e2 52. Qe6 1-0

[Event "POL-chT 2nd League"]
[Site "Poronin"]
[Date "2020.09.06"]
[Round "2.16"]
[White "Samborski, Henryk"]
[Black "Zaskalski, Arkadiusz"]
[Result "0-1"]
[WhiteElo "2069"]
[BlackElo "2175"]
[PlyCount "106"]
[EventDate "2020.09.05"]
[EventType "team-swiss"]
[EventRounds "9"]
[EventCountry "POL"]
[SourceTitle "CBM 198 Extra"]
[Source "ChessBase"]
[SourceDate "2020.11.30"]
[SourceVersion "1"]
[SourceVersionDate "2020.11.30"]
[SourceQuality "1"]
[WhiteTeam "Rydultowy Ognisko"]
[BlackTeam "Pilzno GKSz Hetman"]
[WhiteTeamCountry "POL"]
[BlackTeamCountry "POL"]

1. Nf3 c5 2. c4 Nc6 3. g3 Nf6 4. Bg2 g6 5. 0-0 Bg7 6. Nc3 0-0 7. e4 d6 8. h3 Ne8 9. d3 Nc7 10. Be3 Ne6 11. Qd2 Ned4 12. Ne1 Rb8 13. Bh6 e5 14. Bxg7 Kxg7 15. f4 f6 16. Kh2 Be6 17. Nd5 Qd7 18. h4 b5 19. Bf3 bxc4 20. dxc4 exf4 21. gxf4 f5 22. Bg2 fxe4 23. Bxe4 Bxd5 24. Bxd5 Qg4 25. Ng2 Ne7 26. Be4 Nef5 27. Qf2 Rbe8 28. Rae1 Nh6 29. Qg3 Ne2 30. Qxg4 Nxg4+ 31. Kh3 Rxe4 32. Kxg4 h5+ 33. Kf3 Rfe8 34. b3 Kf6 35. Rd1 Nd4+ 36. Kg3 Re2 37. Rfe1 Rxe1 38. Rxe1 Rxe1 39. Nxe1 Kf5 40. Ng2 Ke4 41. Kf2 a5 42. Ne3 Kxf4 43. Nd5+ Kg4 44. Ne7 Kxh4 45. Nxg6+ Kg4 46. Kg2 Nc6 47. Nf8 Nb4 48. a3 Nc2 49. a4 Nd4 50. Nd7 Nxb3 51. Nf6+ Kf5 52. Nxh5 Nd2 53. Ng3+ Ke5 0-1

[Event "POL-chT 1st League"]
[Site "Dzwirzyno"]
[Date "2019.09.15"]
[Round "9.5"]
[White "Dzierzak, Radoslaw"]
[Black "Samborski, Henryk"]
[Result "1/2-1/2"]
[WhiteElo "2253"]
[BlackElo "2098"]
[PlyCount "141"]
[EventDate "2019.09.07"]
[EventType "team-tourn"]
[EventRounds "9"]
[EventCountry "POL"]
[SourceTitle "EXT 2020"]
[Source "ChessBase"]
[SourceDate "2019.10.17"]
[SourceVersion "1"]
[SourceVersionDate "2019.10.17"]
[SourceQuality "1"]
[WhiteTeam "Podlesie UKS 21"]
[BlackTeam "Pawlowice Gminy"]
[WhiteTeamCountry "POL"]
[BlackTeamCountry "POL"]

1. e4 c5 2. Nf3 d6 3. d4 cxd4 4. Nxd4 Nf6 5. Nc3 a6 6. g3 e5 7. Nde2 Be6 8. Bg2 Nbd7 9. a4 Be7 10. 0-0 0-0 11. h3 Rc8 12. b3 Ne8 13. Be3 Bg5 14. f4 Bh6 15. Qd2 f6 16. Nd5 Nc7 17. c4 Nxd5 18. cxd5 Bf7 19. a5 Nc5 20. Rfb1 exf4 21. gxf4 Qe7 22. Ng3 Bg6 23. f5 Bxe3+ 24. Qxe3 Bf7 25. Qd4 Rc7 26. b4 Nd7 27. Rc1 Rfc8 28. Ne2 Qe5 29. Qxe5 Nxe5 30. Rxc7 Rxc7 31. Rc1 Rxc1+ 32. Nxc1 Be8 33. Kf2 Bb5 34. Bf3 Kf7 35. Be2 Ba4 36. Na2 Bb3 37. Nc3 Bc4 38. Bxc4 Nxc4 39. Ne2 g6 40. fxg6+ hxg6 41. Nd4 Ke7 42. Ke2 Kd7 43. Kd3 Ne5+ 44. Kc3 Kc7 45. b5 g5 46. bxa6 bxa6 47. Nf5 Kd7 48. h4 gxh4 49. Nxh4 Nf7 50. Nf5 Nd8 51. Nd4 Nb7 52. Nc6 Nc5 53. Kd4 Nb3+ 54. Ke3 Ke8 55. Kf4 Kf7 56. Kf5 Nd2 57. Nb8 Nc4 58. Nxa6 Nxa5 59. Nb8 Nc4 60. Nd7 Ne3+ 61. Kf4 Nc4 62. Kg4 Kg6 63. Nf8+ Kf7 64. Ne6 Ne3+ 65. Kf3 Nc4 66. Kf4 Kg6 67. Nd8 Ne5 68. Nc6 Nc4 69. Nd4 Kf7 70. Nf5 Ke8 71. Nxd6+ 1/2-1/2

[Event "POL-chT 1st League"]
[Site "Dzwirzyno"]
[Date "2019.09.10"]
[Round "4.4"]
[White "Samborski, Henryk"]
[Black "Renkowski, Piotr"]
[Result "0-1"]
[WhiteElo "2098"]
[BlackElo "2179"]
[PlyCount "100"]
[EventDate "2019.09.07"]
[EventType "team-tourn"]
[EventRounds "9"]
[EventCountry "POL"]
[SourceTitle "EXT 2020"]
[Source "ChessBase"]
[SourceDate "2019.10.17"]
[SourceVersion "1"]
[SourceVersionDate "2019.10.17"]
[SourceQuality "1"]
[WhiteTeam "Pawlowice Gminy"]
[BlackTeam "Gostynin Gostmat 83"]
[WhiteTeamCountry "POL"]
[BlackTeamCountry "POL"]

1. e4 e5 2. d3 Nc6 3. g3 d6 4. Bg2 Be7 5. Nf3 Bg4 6. h3 Bh5 7. c3 Nf6 8. g4 Bg6 9. Nh4 Nd7 10. Nf5 Bxf5 11. gxf5 Bg5 12. 0-0 Bxc1 13. Qxc1 g5 14. fxg6 hxg6 15. f4 Qe7 16. b4 0-0-0 17. b5 Ncb8 18. Na3 Nc5 19. Qe3 Ne6 20. fxe5 dxe5 21. Nc4 Nf4 22. d4 Qg5 23. Rxf4 Qxf4 24. Qxf4 exf4 25. e5 Rh4 26. a4 Rdh8 27. a5 Rxh3 28. Bxh3+ Rxh3 29. Rc1 Nd7 30. Kf2 Nf8 31. b6 axb6 32. axb6 Ne6 33. bxc7 Kxc7 34. Nd6 Ng5 35. Rg1 Rf3+ 36. Ke2 Re3+ 37. Kd1 f3 38. Kd2 Re2+ 39. Kd3 Nh3 40. Rf1 Nf4+ 41. Kc4 f2 42. Ne8+ Kc6 43. Nf6 b5+ 44. Kb3 Nd3 45. Ng4 Re1 46. Rxf2 Nxf2 47. Nxf2 g5 48. Ng4 Rg1 49. Nf6 g4 50. c4 bxc4+ 0-1

[Event "Pardubice Czech op-C 30th"]
[Site "Pardubice"]
[Date "2019.07.25"]
[Round "7"]
[White "Samborski, Henryk"]
[Black "Nasirov, Ruslan"]
[Result "1-0"]
[WhiteElo "2082"]
[BlackElo "2019"]
[PlyCount "113"]
[EventDate "2019.07.20"]
[EventType "swiss"]
[EventRounds "9"]
[EventCountry "CZE"]
[SourceTitle "EXT 2020"]
[Source "ChessBase"]
[SourceDate "2019.10.17"]
[SourceVersion "1"]
[SourceVersionDate "2019.10.17"]
[SourceQuality "1"]

1. Nf3 c5 2. g3 g6 3. Bg2 Bg7 4. 0-0 Nf6 5. d3 d5 6. Nbd2 Nc6 7. e4 0-0 8. c3 Qc7 9. Re1 Rd8 10. Qc2 b6 11. a4 a5 12. h3 Ra7 13. Bf1 e5 14. Nb1 Ba6 15. Na3 Qb8 16. Bg5 h6 17. Bxf6 Bxf6 18. Qb3 Rad7 19. h4 Bg7 20. Bh3 Rd6 21. Nb5 Bxb5 22. Qxb5 Qc7 23. Bf1 Na7 24. Qb3 Nc6 25. Nd2 Ne7 26. exd5 Nxd5 27. Nc4 Re6 28. Bh3 Re7 29. Bg2 Re6 30. Na3 Ne7 31. Bh3 Nf5 32. Rad1 Qe7 33. Nc4 Qc7 34. Bg2 Kh7 35. h5 Nd6 36. Qxb6 Qxb6 37. Nxb6 gxh5 38. Bh3 Rg6 39. Kf1 Rg5 40. Re2 h4 41. gxh4 Rh5 42. Bg2 Rxh4 43. Rb1 f5 44. Re3 h5 45. Rh3 Rxh3 46. Bxh3 Rb8 47. Nd7 Rc8 48. Re1 Kg6 49. Nxe5+ Bxe5 50. Rxe5 Kf6 51. f4 Rc7 52. Kf2 Rb7 53. Rxc5 Rxb2+ 54. Kg3 Rd2 55. Rd5 Ke6 56. c4 Rd1 57. Kh4 1-0

[Event "Gora Sw Anny op 12th"]
[Site "Gora Sw Anny"]
[Date "2019.02.03"]
[Round "10"]
[White "Samborski, Henryk"]
[Black "Szczesniak, Konrad"]
[Result "1-0"]
[WhiteElo "2121"]
[BlackElo "2048"]
[PlyCount "63"]
[EventDate "2019.01.26"]
[EventType "swiss"]
[EventRounds "10"]
[EventCountry "POL"]
[SourceTitle "CBM 188 Extra"]
[Source "ChessBase"]
[SourceDate "2019.02.26"]
[SourceVersion "1"]
[SourceVersionDate "2019.02.26"]
[SourceQuality "1"]

1. Nf3 Nf6 2. c4 d6 3. Nc3 g6 4. g3 Bg7 5. Bg2 0-0 6. 0-0 e5 7. Rb1 Nc6 8. b4 Bf5 9. d3 e4 10. Nh4 exd3 11. Nxf5 dxe2 12. Nxe2 gxf5 13. Qc2 Re8 14. b5 Na5 15. Nd4 Qe7 16. Nxf5 Qe2 17. Qc3 Nxc4 18. Nxg7 Kxg7 19. Bg5 Re5 20. Rfe1 Qxa2 21. Bxf6+ Kxf6 22. f4 Rae8 23. fxe5+ Nxe5 24. Qxc7 Qd2 25. Rf1+ Kg7 26. Qxb7 Re6 27. Qxa7 Rh6 28. Qf2 Qg5 29. h4 Qe7 30. b6 Ng4 31. Qd4+ Ne5 32. b7 1-0

[Event "Gora Sw Anny op 12th"]
[Site "Gora Sw Anny"]
[Date "2019.01.30"]
[Round "6"]
[White "Marcinczyk, Monika"]
[Black "Samborski, Henryk"]
[Result "1-0"]
[WhiteElo "1960"]
[BlackElo "2121"]
[PlyCount "91"]
[EventDate "2019.01.26"]
[EventType "swiss"]
[EventRounds "10"]
[EventCountry "POL"]
[SourceTitle "CBM 188 Extra"]
[Source "ChessBase"]
[SourceDate "2019.02.26"]
[SourceVersion "1"]
[SourceVersionDate "2019.02.26"]
[SourceQuality "1"]

1. e4 c5 2. Nf3 d6 3. d4 cxd4 4. Nxd4 Nf6 5. Nc3 a6 6. Be2 e5 7. Nb3 Be7 8. 0-0 0-0 9. Be3 Be6 10. Qd2 Nbd7 11. a4 Rc8 12. a5 Qc7 13. Rfd1 Rfe8 14. Qe1 Qc6 15. Bf3 h6 16. h3 Nf8 17. Nd2 N8h7 18. Nf1 Ng5 19. Bxg5 hxg5 20. Ne3 Qc5 21. Na4 Qb5 22. Nb6 Rc7 23. b3 Rd8 24. Rd3 g6 25. Qd2 Kg7 26. Ra4 Qe8 27. Nec4 Rc6 28. Ra1 Nd7 29. Nxd6 Bxd6 30. Rxd6 Rxd6 31. Qxd6 Nxb6 32. Qxb6 Rd2 33. Qxb7 Rxc2 34. Qxa6 Bxb3 35. Qb7 Be6 36. a6 Rc8 37. a7 Ra8 38. Be2 Qc8 39. Qxc8 Bxc8 40. Bc4 Bb7 41. Bd5 Bxd5 42. exd5 Kf6 43. Kf1 e4 44. Ke2 Ke5 45. Ra5 f5 46. f3 1-0

[Event "Gora Sw Anny op 12th"]
[Site "Gora Sw Anny"]
[Date "2019.01.27"]
[Round "3"]
[White "Samborski, Henryk"]
[Black "Budrewicz, Krzysztof"]
[Result "0-1"]
[WhiteElo "2121"]
[BlackElo "2246"]
[PlyCount "38"]
[EventDate "2019.01.26"]
[EventType "swiss"]
[EventRounds "10"]
[EventCountry "POL"]
[SourceTitle "CBM 188 Extra"]
[Source "ChessBase"]
[SourceDate "2019.02.26"]
[SourceVersion "1"]
[SourceVersionDate "2019.02.26"]
[SourceQuality "1"]

1. e4 c5 2. Nf3 e6 3. d3 Nc6 4. g3 g6 5. Bg2 Bg7 6. 0-0 Nge7 7. Re1 e5 8. Be3 d6 9. Qd2 0-0 10. a4 f5 11. Bh6 f4 12. Bxg7 Kxg7 13. h3 fxg3 14. fxg3 Bxh3 15. Ng5 Bg4 16. Nc3 Qd7 17. Rf1 Nd4 18. Nd5 h6 19. Nxe7 Qxe7 0-1

[Event "Gora Sw Anny op 12th"]
[Site "Gora Sw Anny"]
[Date "2019.01.26"]
[Round "1"]
[White "Samborski, Henryk"]
[Black "Trybus, Daniel"]
[Result "1/2-1/2"]
[WhiteElo "2121"]
[BlackElo "1894"]
[PlyCount "109"]
[EventDate "2019.01.26"]
[EventType "swiss"]
[EventRounds "10"]
[EventCountry "POL"]
[SourceTitle "CBM 188 Extra"]
[Source "ChessBase"]
[SourceDate "2019.02.26"]
[SourceVersion "1"]
[SourceVersionDate "2019.02.26"]
[SourceQuality "1"]

1. Nf3 Nf6 2. c4 g6 3. g3 Bg7 4. Bg2 0-0 5. 0-0 d6 6. d4 Nc6 7. h3 e5 8. Be3 exd4 9. Nxd4 Ne5 10. Nd2 d5 11. c5 Qe7 12. Rc1 Nh5 13. Qb3 c6 14. g4 Nf6 15. Bf4 h5 16. Qg3 Re8 17. g5 Nfd7 18. b4 a5 19. b5 Nxc5 20. bxc6 h4 21. cxb7 Bxb7 22. Qxh4 Ned3 23. exd3 Bxd4 24. Nf3 Bb2 25. Rfe1 Qf8 26. Be5 Bxe5 27. Nxe5 Rxe5 28. Rxe5 Nxd3 29. Rc7 Nxe5 30. Rxb7 Qd6 31. Qd4 Rc8 32. Rb1 Rc4 33. Qxd5 Qxd5 34. Bxd5 Rc5 35. Rd1 a4 36. Kg2 Rc3 37. Rd4 a3 38. Be4 Kf8 39. Ra4 Nd3 40. f3 Nc5 41. Ra8+ Ke7 42. Bd5 Ne6 43. Bb3 Nxg5 44. Rxa3 f6 45. Ra6 Re3 46. Ra7+ Kd6 47. Ra6+ Ke7 48. Ra7+ Kd6 49. Rg7 Nxf3 50. Kf2 Rc3 51. Rxg6 Ke5 52. Rg3 Ng5 53. Rxc3 Ne4+ 54. Kf3 Nxc3 55. a3 1/2-1/2

[Event "POL-chT 1st League"]
[Site "Pokrzywna"]
[Date "2018.09.07"]
[Round "7.3"]
[White "Samborski, Henryk"]
[Black "Renkowski, Piotr"]
[Result "1/2-1/2"]
[WhiteElo "2098"]
[BlackElo "2199"]
[PlyCount "139"]
[EventDate "2018.09.01"]
[EventType "team-tourn"]
[EventRounds "9"]
[EventCountry "POL"]
[SourceTitle "CBM 186 Extra"]
[Source "ChessBase"]
[SourceDate "2018.08.24"]
[SourceVersion "1"]
[SourceVersionDate "2018.08.24"]
[SourceQuality "1"]
[WhiteTeam "Pawlowice Gminy"]
[BlackTeam "Gostynin Gostmat 83"]
[WhiteTeamCountry "POL"]
[BlackTeamCountry "POL"]

1. e4 e5 2. Nf3 Nc6 3. Bc4 Nf6 4. Ng5 d5 5. exd5 Na5 6. Bb5+ c6 7. dxc6 bxc6 8. Qf3 Bd7 9. Ba4 h6 10. Ne4 Nxe4 11. Qxe4 Bd6 12. b4 f5 13. Qe2 Qh4 14. a3 0-0 15. Nc3 Nb7 16. Qa6 Nd8 17. Bb2 Kh8 18. g3 Qd4 19. Qd3 Qxd3 20. cxd3 a5 21. b5 Rb8 22. bxc6 Bxc6 23. Bxc6 Nxc6 24. Na4 Nd4 25. Bxd4 exd4 26. Ke2 Rfe8+ 27. Kd1 Bxa3 28. Re1 Rxe1+ 29. Kxe1 Bd6 30. Rc1 Rb4 31. Rc4 Kg8 32. Kd1 Kf7 33. Kc2 Ke6 34. Nc5+ Kd5 35. Rxb4 axb4 36. Na4 Kc6 37. Kb3 Kb5 38. Nb2 g5 39. f3 h5 40. Nd1 h4 41. gxh4 gxh4 42. h3 Bf4 43. Nb2 Bxd2 44. Nc4 Bf4 45. Kb2 Kc5 46. Kb3 Bg3 47. Ka4 Be1 48. Kb3 Kd5 49. Kc2 Ke6 50. Kd1 Bg3 51. Nd2 Bf2 52. Ke2 Be3 53. Nb3 Ke5 54. Kf1 Kf4 55. Kg2 Bg1 56. Kxg1 Ke3 57. Kf1 Kxd3 58. Ke1 Ke3 59. Kd1 d3 60. Nc5 f4 61. Ke1 d2+ 62. Kd1 Kxf3 63. Kxd2 Kg2 64. Nd3 f3 65. Nxb4 Kxh3 66. Ke1 Kg2 67. Nd3 h3 68. Nf2 h2 69. Nh1 Kxh1 70. Kf2 1/2-1/2

[Event "POL-chT 1st League"]
[Site "Pokrzywna"]
[Date "2018.09.05"]
[Round "5.4"]
[White "Samborski, Henryk"]
[Black "Flis, Pawel"]
[Result "1-0"]
[WhiteElo "2098"]
[BlackElo "1905"]
[PlyCount "129"]
[EventDate "2018.09.01"]
[EventType "team-tourn"]
[EventRounds "9"]
[EventCountry "POL"]
[SourceTitle "CBM 186 Extra"]
[Source "ChessBase"]
[SourceDate "2018.08.24"]
[SourceVersion "1"]
[SourceVersionDate "2018.08.24"]
[SourceQuality "1"]
[WhiteTeam "Pawlowice Gminy"]
[BlackTeam "Lodz Okucia Budowlane"]
[WhiteTeamCountry "POL"]
[BlackTeamCountry "POL"]

1. Nf3 Nf6 2. c4 g6 3. Nc3 Bg7 4. g3 d6 5. Bg2 0-0 6. d4 c5 7. h3 Nc6 8. Be3 cxd4 9. Nxd4 Nxd4 10. Bxd4 Qa5 11. 0-0 Qh5 12. e4 Qa5 13. f4 Bd7 14. e5 Ne8 15. exd6 exd6 16. Rf2 Bc6 17. Nd5 Bxd5 18. Bxd5 Rb8 19. f5 Bxd4 20. Qxd4 Qc5 21. Qxc5 dxc5 22. fxg6 hxg6 23. Raf1 Nd6 24. Rf6 Rbd8 25. Rxg6+ Kh7 26. Rgf6 Kg7 27. a4 Rd7 28. h4 Ne8 29. R6f5 Re7 30. Rg5+ Kh6 31. Bf3 b6 32. Kg2 Nd6 33. b3 f6 34. Rd5 Nf7 35. Rfd1 Ne5 36. Rd8 Rfe8 37. Rxe8 Rxe8 38. Rd6 Kg7 39. Bd1 Re7 40. g4 Nf7 41. Rd3 Ne5 42. Rd5 Nc6 43. Kf2 Nd4 44. a5 Kf7 45. axb6 axb6 46. b4 Rc7 47. bxc5 bxc5 48. Bf3 Kg7 49. Be4 Ne6 50. Rh5 Nf8 51. Ke3 Rc8 52. Rd5 Rc7 53. Bf5 Rc6 54. Ke4 Rc7 55. Rd6 Re7+ 56. Kd5 Re5+ 57. Kc6 Ng6 58. Bxg6 Kxg6 59. g5 Kg7 60. Rxf6 Re4 61. Kxc5 Rxh4 62. Kd5 Rg4 63. Rf5 Kg6 64. Re5 Rg1 65. c5 1-0

[Event "EU-ch rapid"]
[Site "Katowice"]
[Date "2017.12.16"]
[Round "3"]
[White "Samborski, Henryk"]
[Black "Reichmann, Hendrik"]
[Result "0-1"]
[WhiteElo "2078"]
[BlackElo "2337"]
[PlyCount "50"]
[EventDate "2017.12.16"]
[EventType "swiss (rapid)"]
[EventRounds "11"]
[EventCountry "POL"]
[SourceTitle "CBM 182 Extra"]
[Source "ChessBase"]
[SourceDate "2018.02.23"]
[SourceVersion "1"]
[SourceVersionDate "2018.02.23"]
[SourceQuality "1"]

1. e4 g6 2. d4 Bg7 3. Nc3 d6 4. Be3 a6 5. Qd2 b5 6. 0-0-0 Bb7 7. f3 Nd7 8. d5 c5 9. dxc6 Bxc6 10. Nge2 Rc8 11. Nd4 Bb7 12. Kb1 h5 13. h4 Ngf6 14. Nce2 Ne5 15. b3 Qc7 16. Nc1 Bxe4 17. fxe4 Nxe4 18. Qe1 Nc3+ 19. Kb2 Nxd1+ 20. Qxd1 Ng4 21. Qd2 Nxe3 22. Qxe3 Qxc2+ 23. Ka3 Qc5+ 24. b4 Bxd4 25. Qd3 Qxc1+ 0-1

[Event "POL-chT 2nd League"]
[Site "Szklarska Poreba"]
[Date "2017.09.09"]
[Round "8.4"]
[White "Hemmerling, Jaroslaw"]
[Black "Samborski, Henryk"]
[Result "1/2-1/2"]
[WhiteElo "1920"]
[BlackElo "2093"]
[PlyCount "111"]
[EventDate "2017.09.02"]
[EventType "team-swiss"]
[EventRounds "9"]
[EventCountry "POL"]
[SourceTitle "CBM 180 Extra"]
[Source "ChessBase"]
[SourceDate "2017.10.06"]
[SourceVersion "1"]
[SourceVersionDate "2017.10.06"]
[SourceQuality "1"]
[WhiteTeam "Steszew Lipno"]
[BlackTeam "Pawlowice Gminy"]
[WhiteTeamCountry "POL"]
[BlackTeamCountry "POL"]

1. e4 g6 2. d4 Bg7 3. Nf3 c5 4. c4 cxd4 5. Nxd4 Nc6 6. Be3 Nf6 7. Nc3 Ng4 8. Qxg4 Nxd4 9. Qd1 Nc6 10. Be2 d6 11. 0-0 0-0 12. Qd2 Re8 13. Rfd1 Be6 14. h3 Qa5 15. Rac1 Rec8 16. b3 a6 17. Na4 Qxd2 18. Rxd2 Rd8 19. Nb6 Rab8 20. f4 f5 21. Bf3 fxe4 22. Bxe4 Bf5 23. Bxf5 gxf5 24. Rd5 e6 25. Rd2 Kf7 26. Rcd1 Ke7 27. Bf2 Bf6 28. Kf1 h5 29. Ke2 Rg8 30. Rxd6 Rxg2 31. Rd7+ Ke8 32. Kf3 Rg6 33. Rh7 Rd8 34. Rxd8+ Nxd8 35. Nd7 Bc3 36. Nc5 Bg7 37. Bh4 Nc6 38. Nxe6 Rxe6 39. Rxg7 Nd4+ 40. Kf2 b5 41. Rg8+ Kf7 42. Rd8 Re4 43. Bg5 bxc4 44. bxc4 Ne6 45. Rd5 Nxg5 46. Rxf5+ Ke6 47. Rxg5 Rxf4+ 48. Kg3 Rxc4 49. Rg6+ Kf5 50. Rxa6 h4+ 51. Kg2 Rc2+ 52. Kf3 Rc3+ 53. Kg2 Rc2+ 54. Kf3 Rc3+ 55. Kg2 Rc2+ 56. Kf3 1/2-1/2